Представление документа в формате MARC21

ПолеНазваниеЗначение
  Тип записи a
  Библиографический уровень m
001 Контрольный номер RU/URAIT/598852
005 Дата корректировки 20260429163625.7
008 Кодируемые данные 260429s2026 RU y f j 000 0 rus u
020 Индекс ISBN __
a ISBN 978-5-534-08654-6
c Цена, тираж 1279.00
040 Источник каталогиз. __
a Служба первич. каталог. ИКО Юрайт
c Служба, преобразующая запись ИКО Юрайт
e Правила каталог. RCR
041 Код языка издания __
a Код языка текста rus
044 Код страны публикации __
a Код страны публикации RU
080 Индекс УДК __
a Индекс УДК 7.03(075.8)
084 Индекс другой классификации/Индекс ББК __
2 Источник индекса rubbk
a Индекс другой классификации/Индекс ББК 71я73
100 Автор __
a Автор Ларин Е. А.
q Полное имя Ларин Евгений Александрович
245 Заглавие __
a Заглавие Культура Латинской Америки. Авангард первой трети ХХ века
b Продолж. заглавия учебник для вузов
c Ответственность Е. А. Ларин.
250 Сведения об издании __
g испр. и доп
a Основные сведения об издании 2-е изд.
256 Характеристики компьютерного файла __
a Характеристики компьютерного файла Электрон. дан.
260 Выходные данные __
a Место издания Москва
b Издательство Юрайт
c Дата издания 2026
300 Физическое описание __
a Объем 227 с
440 Серия __
a Серия Высшее образование
500 Примечания __
a Примечание URL: https://urait.ru/bcode/598852 (дата обращения: 29.04.2026).
520 Аннотация __
a Аннотация На протяжении многих веков искусство с течением времени изменяло рамки сложившейся теории, создавая новые художественные стили. Это явление в полной мере характерно и для эпохи модернизма, особенно для авангардистских течений XX в. Латинской Америке. Автор книги рассматривает наследие латиноамериканских художников этого периода, а также особенности концепции авангарда. Представлен материал по муралистской живописи (художники Д. Сикейрос, Д. Ривера и Хосе Клементе Ороско). Рассматриваются ультраизм, дискуссии в национальном фронте живописи и скульптуры Мексики и другие вопросы.
538 Прим. о системных особенностях __
a Прим. о системных особенностях Режим доступа: Электронно-библиотечная система Юрайт, для авториз. пользователей
653 Ключевые слова __
a Ключевые слова Искусствознание. История искусств
653 Ключевые слова __
a Ключевые слова Гуманитарные науки
653 Ключевые слова __
a Ключевые слова Латиноамериканская литература
653 Ключевые слова __
a Ключевые слова Латиноамериканский феномен в литературе XX века
653 Ключевые слова __
a Ключевые слова История мировых цивилизаций (практики художественного творчества в новое и новейшее время)
653 Ключевые слова __
a Ключевые слова Культура Латинской Америки
653 Ключевые слова __
a Ключевые слова История стран Латинской Америки в новое и новейшее время
653 Ключевые слова __
a Ключевые слова История Латинской Америки
653 Ключевые слова __
a Ключевые слова Литература Латинской Америки
653 Ключевые слова __
a Ключевые слова Авангард как стиль культуры
653 Ключевые слова __
a Ключевые слова Культура стран Латинской Америки
856 Электронный адрес документа 40
n Местонахождение сервера Юрайт
g Электронная книга
q Тип электронного формата html
h Имя пользователя ЮРАЙТ
v Часы доступа к ресурсу 20271231
2 Способ доступа Показать документ
x Служебное примечание https://urait.ru/book/cover/6201385D-397B-4569-A22C-F109B522F46E
u URL https://urait.ru/bcode/598852
856 Электронный адрес документа 48
q Тип электронного формата cover
u URL https://urait.ru/book/cover/6201385D-397B-4569-A22C-F109B522F46E
911 __
u 0030=https://urait.ru/bcode/598852
911 __
u 073a=9785534086546
u 073d=1279.00
911 __
u 106a=s
911 __
u 900l=
952 Тип литературы __
i Дисциплина Латиноамериканская литература
952 Тип литературы __
i Дисциплина Латиноамериканский феномен в литературе XX века
952 Тип литературы __
i Дисциплина История мировых цивилизаций (практики художественного творчества в новое и новейшее время)
952 Тип литературы __
i Дисциплина Культура Латинской Америки
952 Тип литературы __
i Дисциплина История стран Латинской Америки в новое и новейшее время
952 Тип литературы __
i Дисциплина История Латинской Америки
952 Тип литературы __
i Дисциплина Литература Латинской Америки
952 Тип литературы __
i Дисциплина Авангард как стиль культуры
952 Тип литературы __
i Дисциплина Культура стран Латинской Америки